000 00333 a2200145 4500
001 156331
040 _cEscola São Tomás de Aquino
100 _aMACHADO, Ana Maria
240 1 0 _aUm avião e uma viola
_lpor
245 1 0 _aUm avião e uma viola
300 _a34
362 0 _a1996
697 _a*LITERATURA INFANTIL
942 _cBK
999 _c156331
_d156331